[Event "Masters"]
[Site "Singapore SIN"]
[Date "2006.12.29"]
[Round "8"]
[White "Zhang Zhong"]
[Black "Wu Wenjin"]
[Result "1-0"]
[WhiteElo "2609"]
[BlackElo "2476"]

1.e4 c5 2.Nf3 Nc6 3.d4 cxd4 4.Nxd4 Qb6 5.Nb3 Nf6 6.Nc3 e6 7.Bd3 a6 8.O-O Be7
9.a4 Qc7 10.a5 d5 11.exd5 exd5 12.h3 O-O 13.Be3 Be6 14.Bb6 Qd6 15.Bc5 Qc7
16.Bxe7 Qxe7 17.Ne2 Nd7 18.Re1 Qf6 19.Ned4 Nxd4 20.Nxd4 Rfe8 21.c3 Rac8 22.Bc2 Nf8
23.Qh5 g6 24.Qe5 Qxe5 25.Rxe5 Rc5 26.f4 Bd7 27.Rxe8 Bxe8 28.Kf2 Ne6 29.Nxe6 fxe6
30.Ke3 Kf7 31.Kd4 Rc4+ 32.Ke5 Ke7 33.Bd3 Rc5 34.Kd4 Kd6 35.h4 Rc7 36.g3 h6
37.Re1 Rg7 38.c4 dxc4 39.Bxc4 Bd7 40.Re5 Rg8 41.Bd3 Rg7 42.b4 Bc6 43.Bc4 Bd7
44.Bb3 Rg8 45.Bc2 Rg7 46.Re1 Be8 47.Bb3 Bd7 48.Bd1 Bc6 49.Bb3 Bd7 50.Re5 Rg8
51.Rc5 Bc6 52.Bc4 Rg7 53.Ke3 Rg8 54.Ba2 Rg7 55.Bb3 Rg8 56.Bc4 Rg7 57.Re5 Bd7
58.Re4 g5 59.fxg5 e5 60.gxh6 Rxg3+ 61.Kf2 Rg6 62.h5 Rxh6 63.Be2 Bc6 64.Rh4 Ke6
65.Ke3 Kf5 66.Rh2 Kg5 67.Rf2 Rd6 68.Rf1 Rd4 69.Rg1+ Kf6 70.Rg4 Rd8 71.Rg6+ Ke7
72.Rg5 Kf6 73.Rg6+ Ke7 74.Bxa6 bxa6 75.Rxc6 Rd4 76.Rb6 Kf7 77.h6 Kg8 78.Rb7  1-0

[Event "Open A"]
[Site "Prague CZE"]
[Date "2007.01.11"]
[Round "1"]
[White "Szirmai,Em"]
[Black "Vokac,M"]
[Result "0-1"]
[WhiteElo "2084"]
[BlackElo "2506"]

1.e4 c5 2.Nf3 Nc6 3.d4 cxd4 4.Nxd4 Qb6 5.Nb3 Nf6 6.Nc3 e6 7.Be3 Qc7 8.a3 Be7
9.f4 d6 10.Qf3 a6 11.g4 Nd7 12.O-O-O b5 13.Nb1 Bb7 14.Qf2 Nf6 15.Bb6 Qc8
16.Qe2 Nxe4 17.Bg2 Nf6 18.Rhe1 Nd7 19.Bf2 O-O 20.g5 Re8 21.h4 Na5 22.Nxa5 Bxg2
23.Qg4 Qc7 24.Qxg2 Rac8 25.Bd4 Qxa5 26.Bc3 Qc7 27.h5 Bf8 28.Rh1 Qc6 29.Qh2 Nc5
30.Rdg1 a5 31.g6 fxg6 32.Rxg6 b4 33.h6 hxg6 34.hxg7 Qxh1+ 35.Qxh1 Bxg7 36.axb4 axb4
37.Bxg7 Kxg7 38.Qd1 Nb3+  0-1

[Event "ch-CUB Open"]
[Site "Santa Clara CUB"]
[Date "2007.01.13"]
[Round "4"]
[White "Perez,Or"]
[Black "Almeida,O"]
[Result "1/2-1/2"]
[WhiteElo "2427"]
[BlackElo "2498"]

1.e4 c5 2.Nf3 Nc6 3.d4 cxd4 4.Nxd4 Qb6 5.Nb3 Nf6 6.Nc3 e6 7.Bd3 a6 8.O-O Qc7
9.a4 b6 10.f4 d6 11.Qe2 Be7 12.Bd2 O-O 13.Rae1 Nd7 14.Rf3 g6 15.Qe3 Bf6 16.Rh3 Bg7
17.Qf2 Qd8 18.Rf1 Nb4 19.f5 Nxd3 20.cxd3 exf5 21.exf5 Ne5 22.f6 Qxf6 23.Qxf6 Bxf6
24.Rxf6 Bxh3 25.gxh3 Nxd3 26.Nd5 Rfd8 27.Bc3 b5 28.a5 Nc5 29.Nd2 Kf8 30.h4 h5
31.Kg2 Rac8 32.Kf3 Rc6 33.Nb4 Rcc8 34.Ne4 Nxe4 35.Kxe4 Rc4+ 36.Kd3 Rxh4 37.Nxa6 Rxh2
38.Nc7 Ke7 39.a6 Rh1 40.a7 Ra1 41.Nxb5 Rd7 42.b4 Ra6 43.Rf1 h4 44.Bf6+ Ke6
45.Bxh4 Rb7 46.Kc4 f5 47.Bf2 Rc6+ 48.Kb3 Ra6 49.Bd4 Rxb5 50.Ra1 Rxa7 51.Rxa7 Kd5
52.Kc3 g5 53.Rg7 g4 54.Bg1 Rb8 55.Rg6 Rh8 56.b5 Rh1 57.Ba7 Rh7 58.b6 Kc6
59.Kd4 Rf7 60.Rg8 f4 61.Rxg4 f3 62.Rg1 f2 63.Rc1+ Kb7 64.Rf1 Rf8 65.Ke3 Ra8
66.Kxf2 Rf8+ 67.Ke2 Rxf1 68.Kxf1 Ka8 69.Ke2 Kb7 70.Kd3 Ka8 71.Kc4 d5+ 72.Kxd5 Kb7  1/2-1/2

[Event "Open A"]
[Site "Prague CZE"]
[Date "2007.01.15"]
[Round "5"]
[White "Bilek,Ma"]
[Black "Svoboda,V2"]
[Result "1-0"]
[WhiteElo "1901"]
[BlackElo "2099"]

1.e4 c5 2.Nf3 Nc6 3.d4 cxd4 4.Nxd4 Qb6 5.Nb3 Nf6 6.Nc3 e6 7.a3 Be7 8.Bd3 d6
9.O-O O-O 10.Be3 Qc7 11.f4 a6 12.Na4 Nd7 13.Rf3 b5 14.Nc3 Bb7 15.Rh3 g6 16.f5 Nde5
17.Qf1 Ng4 18.Qf4 h5 19.Be2 Nce5 20.Bd4 exf5 21.exf5 Qc6 22.Bf3 Nxf3+ 23.gxf3 Ne5
24.f6 Bd8 25.Ne4 d5 26.Bxe5 dxe4 27.Rxh5  1-0

[Event "TCh-AUT 2006-7"]
[Site "Leoben AUT"]
[Date "2007.01.18"]
[Round "4"]
[White "Bokros,A"]
[Black "Schlosser,P"]
[Result "1/2-1/2"]
[WhiteElo "2465"]
[BlackElo "2562"]

1.e4 c5 2.Nf3 Nc6 3.d4 cxd4 4.Nxd4 Qb6 5.Nb3 Nf6 6.Nc3 e6 7.Bd3 Be7 8.f4 d5
9.e5 Nd7 10.Qf3 Nc5 11.Nxc5 Bxc5 12.Bd2 Nb4 13.Na4 Qc6 14.Nxc5 Qxc5 15.c3 Nxd3+
16.Qxd3 Bd7 17.Be3 Qa5 18.Bd4 O-O-O 19.Qe3 Kb8 20.O-O Rc8 21.a4 Ka8 22.Qg3 Rhg8
23.Qh4 h6  1/2-1/2

[Event "5th Parsvnath Open"]
[Site "New Delhi IND"]
[Date "2007.01.18"]
[Round "6"]
[White "Saptarshi,R"]
[Black "Hegde,R"]
[Result "1/2-1/2"]
[WhiteElo "2396"]
[BlackElo "2275"]

1.e4 c5 2.Nf3 Nc6 3.d4 cxd4 4.Nxd4 Qb6 5.Nb3 Nf6 6.Nc3 e6 7.Be3 Qc7 8.Bd3 a6
9.f4 d6 10.Qf3 b5 11.g4 Bb7 12.g5 Nd7 13.f5 Nce5 14.Qh3 exf5 15.Qxf5 g6 16.Qf4 Bg7
17.O-O-O b4 18.Nd5 Bxd5 19.exd5 Nxd3+ 20.Rxd3 Rc8 21.Rd2 Ne5 22.Kb1 O-O 23.Rf2 a5
24.Nd4 Qb7 25.Rd1  1/2-1/2

[Event "IM"]
[Site "Marianske Lazne CZE"]
[Date "2007.01.19"]
[Round "1"]
[White "Babula,M"]
[Black "Vokoun,J"]
[Result "1-0"]
[WhiteElo "2318"]
[BlackElo "2223"]

1.e4 c5 2.Nf3 Nc6 3.d4 cxd4 4.Nxd4 Qb6 5.Nb3 e6 6.Be3 Qc7 7.Bd3 Nf6 8.O-O a6
9.N1d2 d5 10.Qe2 Be7 11.c4 dxe4 12.Nxe4 O-O 13.Rac1 e5 14.Nxf6+ Bxf6 15.Be4 Re8
16.Qf3 a5 17.Rfd1 a4 18.Nc5 Nd4 19.Bxd4 exd4 20.Nd3 Ra5 21.Bd5 Bg5 22.Re1 Be6
23.Rc2 Re7 24.Bxe6 fxe6 25.c5 Bf6 26.Rce2 Qd7 27.g3 Ra8 28.Qe4 Qb5 29.Rc2 Rc8
30.Rec1 Rc6 31.Rc4 Qa5 32.Kg2 e5 33.Nb4 Rc8 34.Nd5 Ree8 35.h4 Rcd8 36.Nb4 Qb5
37.Nd3 Qd7 38.Rb4 Re7 39.Re1 Ra8 40.Rb6 Kh8 41.Rc1 Ra5 42.c6 bxc6 43.Rbxc6 Re8
44.Rc7 Qe6 45.R1c6 Qd5 46.Kf3 Qg8 47.h5 Rf8 48.Kg2 h6 49.Nc5 Rb5 50.Nxa4 Rbb8
51.b3 Rbe8 52.Nc5 d3 53.Nd7 d2 54.Rd6 Bg5 55.Rcc6 Qf7 56.Nxf8 Rxf8 57.f3 Qxh5
58.Rd3 Qe8 59.Rc5 Qe7 60.Rxe5 Qa3 61.Re8 Rxe8 62.Qxe8+ Kh7 63.Qe4+ Kg8 64.Qc4+ Kh8
65.Qc8+ Kh7 66.Qc2 Qc1 67.Rxd2+  1-0

[Event "ch-SER Qualification"]
[Site "Belgrade SER"]
[Date "2007.01.25"]
[Round "3"]
[White "Todorovic,J"]
[Black "Rajkovic,Du"]
[Result "1-0"]
[WhiteElo "2381"]
[BlackElo "2511"]

1.e4 c5 2.Nf3 Nc6 3.d4 cxd4 4.Nxd4 Qc7 5.Nb5 Qa5+ 6.Bd2 Qd8 7.Bd3 a6 8.N5c3 e6
9.O-O Nf6 10.Be3 b5 11.Nd2 Be7 12.f4 d6 13.Qf3 Bd7 14.Rae1 h5 15.h3 h4 16.a4 b4
17.Nd1 e5 18.Nc4 Rb8 19.a5 O-O 20.Bb6 Qc8 21.Nde3 exf4 22.Nd5 Be6 23.Qxf4 Nxd5
24.exd5 Bxd5 25.Nxd6 Qd7 26.Nf5 Bf6 27.Qg4 Be6 28.Nh6+ Kh8 29.Qh5 Rfc8 30.Ng4+ Kg8
31.Qh7+  1-0

[Event "ch-SER Qualification"]
[Site "Belgrade SER"]
[Date "2007.01.29"]
[Round "7"]
[White "Zivkovic,S"]
[Black "Brkljaca,A"]
[Result "0-1"]
[WhiteElo "2313"]
[BlackElo "2353"]

1.e4 c5 2.Nf3 Nc6 3.d4 cxd4 4.Nxd4 Qc7 5.Nc3 e6 6.g3 a6 7.Bg2 Nf6 8.O-O d6
9.a4 Be7 10.Nb3 b6 11.f4 O-O 12.g4 Rb8 13.g5 Nd7 14.Qe2 Re8 15.Be3 Bb7 16.Kh1 Nb4
17.Rad1 Rbc8 18.Qf2 g6 19.f5 exf5 20.exf5 Ne5 21.Rd4 Bxg2+ 22.Kxg2 a5 23.Kg1 Qb7
24.Rh4 d5 25.Nd4 Bc5 26.Ncb5 Nc4 27.Bc1 Re4 28.b3 Ne5 29.Bb2 Nxc2 30.fxg6 fxg6
31.Rxe4 dxe4 32.Qf6 Nxd4 33.Bxd4 Nf3+ 34.Kg2 Bxd4 35.Nxd4 Nxd4 36.Qxd4 e3+
37.Kg3 e2 38.Re1 Qc7+ 39.Kg2 Qc6+ 40.Kg3 Re8 41.Qd3 Qc7+ 42.Kg2 Qc6+ 43.Kg3 Qc5
44.Rxe2 Qxg5+ 45.Kf2  0-1

[Event "ch-UKR U20"]
[Site "Lviv UKR"]
[Date "2007.02.01"]
[Round "2"]
[White "Zhornik,N"]
[Black "Kononenko,Dmitry1"]
[Result "0-1"]
[WhiteElo "2365"]
[BlackElo "2495"]

1.e4 c5 2.Nf3 Nc6 3.d4 cxd4 4.Nxd4 Qb6 5.Nb3 Nf6 6.Nc3 e6 7.Bd3 d6 8.O-O Be7
9.Be3 Qc7 10.f4 a6 11.Qf3 O-O 12.a3 b5 13.Kh1 Bb7 14.Nd4 Nxd4 15.Bxd4 e5
16.Be3 exf4 17.Bxf4 Nd7 18.Qg3 Ne5 19.Bh6 Ng6 20.Be3 Rfe8 21.Rf5 Bh4 22.Qg4 Qd8
23.Qh3 Bf6 24.Raf1 Bxc3 25.bxc3 f6 26.a4 Bc8 27.axb5 Bxf5 28.Bc4+ d5 29.exf5 dxc4
30.fxg6 hxg6 31.b6 Qd5 32.Bd4 Re7 33.Qg3 g5 34.h3 a5 35.Qg4 a4  0-1

[Event "ch-UKR U20"]
[Site "Lviv UKR"]
[Date "2007.02.02"]
[Round "3"]
[White "Tukhaev,A"]
[Black "Zhornik,N"]
[Result "1/2-1/2"]
[WhiteElo "2478"]
[BlackElo "2365"]

1.e4 c5 2.Nf3 Nc6 3.d4 cxd4 4.Nxd4 Qb6 5.Nb3 Nf6 6.Nc3 e6 7.Be3 Qc7 8.f3 a6
9.Qd2 Be7 10.O-O-O d6 11.Kb1 O-O 12.g4 b5 13.g5 Nd7 14.Qf2 Nce5 15.h4 b4
16.Na4 Rb8 17.Nc1 Bb7 18.b3 d5 19.exd5 Bxd5 20.Bg2 Qc6 21.Ne2 Qb7 22.Nf4 Bc6
23.Nb2 Rfd8 24.Rhf1 Bb5 25.Rfe1 Bc6 26.Rf1 Bb5 27.Ne2 Bc6 28.Bd4 Rbc8 29.Nf4 Bd6
30.Nh5 Bf8 31.Ng3 a5 32.Ne4 a4 33.Qg3 Qc7 34.Rc1 a3 35.Nd3 Nxd3 36.Qxc7 Rxc7
37.cxd3 Rdc8 38.Nd2 Bd6  1/2-1/2

[Event "ch-UKR U20"]
[Site "Lviv UKR"]
[Date "2007.02.04"]
[Round "5"]
[White "Vovk,A"]
[Black "Kononenko,Dmitry1"]
[Result "1-0"]
[WhiteElo "2487"]
[BlackElo "2495"]

1.e4 c5 2.Nf3 Nc6 3.d4 cxd4 4.Nxd4 Qb6 5.Nb3 Nf6 6.Nc3 e6 7.Bd3 d6 8.Be3 Qc7
9.f4 a6 10.Qf3 Be7 11.O-O-O O-O 12.g4 Nd7 13.g5 b5 14.h4 Nb4 15.Kb1 Nc5 16.Nd4 Nbxd3
17.cxd3 b4 18.Nce2 f5 19.gxf6 Bxf6 20.Ng3 e5 21.Nde2 b3 22.Bxc5 Qxc5 23.f5 bxa2+
24.Ka1 Rb8 25.Nc3 Bb7 26.Nh5 Kh8 27.Rhg1 Ba8 28.Rg2 d5 29.Qg3 Rxb2 30.Rxb2 Qxc3
31.Nxf6 Rb8 32.Rd2 Rxb2 33.Rxb2 gxf6 34.Kxa2 Qc7 35.exd5 Bxd5+ 36.Kb1 Bg8
37.h5 h6 38.Qg6 Qd6 39.Qxh6+ Bh7 40.Rb3 Kg8 41.Qe3 Bxf5 42.Qf3 Bh7 43.Qg3+ Kh8
44.h6 Qf8 45.Rb7 a5 46.Kb2  1-0

[Event "ch-UKR U20"]
[Site "Lviv UKR"]
[Date "2007.02.04"]
[Round "5"]
[White "Zherebukh,Y"]
[Black "Zhornik,N"]
[Result "1-0"]
[WhiteElo "2359"]
[BlackElo "2365"]

1.e4 c5 2.Nf3 Nc6 3.d4 cxd4 4.Nxd4 Qb6 5.Nb3 Nf6 6.Nc3 e6 7.Qe2 d6 8.g4 Be7
9.Be3 Qc7 10.g5 Nd7 11.O-O-O a6 12.h4 b5 13.f4 Nb6 14.h5 Nc4 15.Bh3 Nxe3
16.Qxe3 Bd7 17.Nd4 O-O-O 18.Nxc6 Qxc6 19.Nd5 exd5 20.exd5 Qc4 21.Qxe7 Qxa2
22.Qxd6 Qa1+ 23.Kd2 Qa5+ 24.b4 Bxh3 25.Qc6+ Qc7 26.Qxa6+ Qb7 27.Qxb7+ Kxb7
28.Rxh3 Rxd5+ 29.Rd3 Rf5 30.Ke3 Re8+ 31.Kf3 Rc8 32.Rd7+ Kb6 33.h6 g6 34.R1d6+ Rc6
35.Rxc6+ Kxc6 36.Ra7 Kd5 37.Rc7 Kd6 38.Rb7 Kc6 39.Rb8 Kd6 40.Ke4 f6 41.Rb6+ Ke7
42.gxf6+ Rxf6 43.Rxb5  1-0

[Event "FSIMA February"]
[Site "Budapest HUN"]
[Date "2007.02.06"]
[Round "4"]
[White "Leviczki,T"]
[Black "Mihok,O"]
[Result "1-0"]
[WhiteElo "2296"]
[BlackElo "2305"]

1.e4 c5 2.Nf3 Nc6 3.d4 cxd4 4.Nxd4 Qb6 5.Nb3 Nf6 6.Nc3 e6 7.Qe2 Bb4 8.Bd2 O-O
9.a3 Bxc3 10.Bxc3 e5 11.O-O-O Rd8 12.Rd6 Qc7 13.Rxf6 gxf6 14.Qg4+ Kh8 15.Qh4 Qd6
16.f4 Qe7 17.Bb5 d6 18.Bxc6 bxc6 19.fxe5 dxe5 20.Bb4 c5 21.Nxc5 a5 22.Nd7 Qxd7
23.Qxf6+ Kg8 24.Qg5+ Kh8 25.Qxe5+ f6 26.Qxf6+ Kg8 27.Qg5+ Kf7 28.Rf1+  1-0

[Event "ch-CZE"]
[Site "Praha CZE"]
[Date "2007.02.07"]
[Round "2"]
[White "Cvek,R"]
[Black "Oral,T"]
[Result "1-0"]
[WhiteElo "2530"]
[BlackElo "2521"]

1.e4 c5 2.Nf3 Nc6 3.d4 cxd4 4.Nxd4 Qc7 5.Nc3 e6 6.Be3 a6 7.Qd2 Nf6 8.O-O-O b5
9.Bf4 Qb6 10.Nxc6 Qxc6 11.f3 Bb7 12.Ne2 d6 13.Kb1 Be7 14.h4 O-O 15.g4 Rfd8
16.g5 Nh5 17.Bh2 e5 18.Nc3 Qc8 19.Nd5 Bxd5 20.Qxd5 Qe6 21.Qd2 g6 22.Bg1 Nf4
23.Bb6 Rdb8 24.Be3 Rd8 25.Bxf4 exf4 26.Qxf4 Qe5 27.Qd2 d5 28.exd5 Bd6 29.Re1 Qf4
30.Qxf4 Bxf4 31.Bd3 Ra7 32.Re4 Bd6 33.c4 bxc4 34.Bxc4 a5 35.Rhe1 Kf8 36.Bb5 Re7
37.Rxe7 Bxe7 38.Bc6 Rb8 39.Kc2 Rb4 40.Re4 Rxe4 41.fxe4 f6 42.Kd3 Bd6 43.Kc4 Ke7
44.Kb5 Bc7 45.gxf6+ Kxf6 46.Be8 Ke7 47.Kc6 Be5 48.Bd7 Bxb2 49.d6+ Kf6 50.Kd5 Be5
51.Be8 Bg3 52.a4 Bh2 53.h5 gxh5 54.Bxh5 Bg3 55.Bg4 h6 56.Kc6 Bf4 57.d7 Ke7
58.Kb6 h5 59.Bh3 Kd8 60.Kxa5 Kc7 61.Kb5 h4 62.a5 Be5 63.a6 Bf6 64.e5 Be7
65.Bg2 Kb8 66.Kc6  1-0

[Event "ch-UKR U20"]
[Site "Lviv UKR"]
[Date "2007.02.10"]
[Round "11"]
[White "Kravtsiv,M"]
[Black "Zhornik,N"]
[Result "1-0"]
[WhiteElo "2464"]
[BlackElo "2365"]

1.e4 c5 2.Nf3 Nc6 3.d4 cxd4 4.Nxd4 Qb6 5.Nb3 Nf6 6.Nc3 e6 7.Bd3 Be7 8.Be3 Qc7
9.f4 d6 10.Qf3 a6 11.O-O O-O 12.Rae1 Nb4 13.a3 Nxd3 14.cxd3 b5 15.Rc1 Qd7
16.e5 Bb7 17.exf6 Bxf3 18.fxe7 Rfb8 19.Rxf3 b4 20.axb4 Rxb4 21.Nd4 Rc8 22.Rc2 d5
23.f5 Rbb8 24.fxe6 fxe6 25.Bf4 Qxe7 26.Bxb8 Rxb8 27.Rff2 Rf8 28.Rxf8+ Kxf8
29.Nf3 g5 30.d4 g4 31.Nd2 h5 32.Ne2 Qb4 33.Nf1 a5 34.Kf2 a4 35.Ne3 Ke7 36.Nd1 Kf6
37.Ndc3 Kg5 38.Rd2 h4 39.g3 h3 40.Ke3 Kf5 41.Rd1 Kg5 42.Ra1 Qxb2 43.Rxa4 Qc2
44.Ra6 Kf5 45.Ra2 Qb3 46.Ra1 Qc2 47.Ra2 Qb3 48.Rd2 Kg5 49.Kf2 Kf5 50.Rd3 Qb2
51.Nd1 Qb1 52.Ne3+ Kg5 53.Nf4 Qb2+ 54.Kg1 Kf6 55.Nxg4+ Kf5 56.Nf2 Qb6 57.N4xh3 e5
58.dxe5 Kxe5 59.Nf4 d4 60.Ne2 Qb1+ 61.Rd1 Qb3 62.Nxd4 Qa4 63.Nf3+ Kf5 64.Kg2 Qa8
65.Rd6 Qb7 66.g4+ Kf4 67.Rd4+  1-0

[Event "FSIMA February"]
[Site "Budapest HUN"]
[Date "2007.02.13"]
[Round "11"]
[White "Sailer,D"]
[Black "Mihok,O"]
[Result "0-1"]
[WhiteElo "2191"]
[BlackElo "2305"]

1.e4 c5 2.Nf3 Nc6 3.d4 cxd4 4.Nxd4 Qb6 5.Nb3 Nf6 6.Nc3 e6 7.g3 Bb4 8.Bg2 d5
9.exd5 Nxd5 10.O-O Nxc3 11.bxc3 Bxc3 12.Be3 Qd8 13.Bxc6+ bxc6 14.Qxd8+ Kxd8
15.Rad1+ Kc7 16.Rd3 Bf6 17.Rfd1 e5 18.Bc5 Bg4 19.Bd6+ Kc8 20.Re1 e4 21.Rde3 Bf5
22.c4 h5 23.c5 h4 24.g4 Bxg4 25.Rxe4 Bf3 26.Re7 Bxe7 27.Rxe7 a5 28.Rxf7 Bd5
29.Rc7+ Kd8 30.Nd4 Rc8 31.Ra7 Re8 32.f4 Re1+ 33.Kf2 Ra1 34.Nf5 Rxa2+ 35.Ke3 Ra3+
36.Kd2 Ra2+ 37.Ke1 Ra1+ 38.Kd2 Ra2+ 39.Kc1 Ra1+ 40.Kb2 Ra2+ 41.Kb1 Re2 42.Be7+ Rxe7
43.Nxe7 Rc7 44.Rxc7 Kxc7 45.Kb2 Be4 46.f5 h3 47.Ng6 Bxf5 48.Nf4 g5 49.Ne2 g4
50.Ka3 Bd3 51.Ng3 Bb5  0-1

[Event "ch-St Petersburg sf"]
[Site "St Petersburg RUS"]
[Date "2007.02.13"]
[Round "4"]
[White "Sokolov,Ana"]
[Black "Nikolaev,V RUS"]
[Result "0-1"]
[WhiteElo "2124"]
[BlackElo "2246"]

1.e4 c5 2.Nf3 Nc6 3.d4 cxd4 4.Nxd4 Qc7 5.Be3 Nf6 6.Nc3 e6 7.a3 a6 8.Bd3 Bd6
9.h3 Be5 10.Nde2 d5 11.Bg5 dxe4 12.Bxf6 Bxf6 13.Bxe4 O-O 14.Qd3 Ne5 15.Qg3 Qb6
16.O-O g6 17.Rab1 Bg7 18.Rfd1 Bd7 19.Kh1 Rad8 20.h4 f5 21.Bf3 Nxf3 22.Qxf3 Bc6
23.Qe3 Qxe3 24.fxe3 Bf6 25.h5 g5 26.Nd4 Bd7 27.Nb3 Kg7 28.Nc5 Bc8 29.N3a4 Be7
30.b4 Kh6 31.Nb6 Bxc5 32.bxc5 Kxh5 33.Rd4 e5 34.Rxd8 Rxd8 35.Nxc8 Rxc8 36.Rxb7 Rxc5
37.Rxh7+ Kg4 38.Rh6 Rxc2 39.Kh2 Re2 40.Rh3 f4 41.exf4 exf4 42.Rh6 f3 43.Rxa6 Rxg2+
44.Kh1 Ra2 45.Ra5 Kf4 46.Kg1 g4  0-1

[Event "ch-SRB"]
[Site "Vrsac SRB"]
[Date "2007.03.05"]
[Round "2"]
[White "Brenjo,S"]
[Black "Miladinovic,I"]
[Result "0-1"]
[WhiteElo "2491"]
[BlackElo "2607"]

1.e4 c5 2.Nf3 Nc6 3.d4 cxd4 4.Nxd4 Qc7 5.Nc3 e6 6.Be2 a6 7.Be3 Nf6 8.O-O Bb4
9.Na4 Be7 10.c4 Nxe4 11.c5 O-O 12.Rc1 Rb8 13.g3 Kh8 14.Bf3 Ng5 15.Bg2 f5
16.Nb6 Bf6 17.Re1 Nf7 18.f4 Rd8 19.Nxf5 exf5 20.Nd5 Qa5 21.b4 Qa3 22.Nxf6 gxf6
23.Bd4 Kg7 24.Bd5 d6 25.Bxf6+ Kxf6 26.Qh5 Rf8 27.Bxf7 Kg7 28.cxd6 Qxb4 29.Qg5+ Kxf7
30.Re7+ Nxe7 31.Qxe7+ Kg8 32.Qg5+ Kh8 33.Rc7 Qb1+ 34.Kg2 Qxa2+ 35.Kh3 Qg8  0-1

[Event "TCh-AUT 2006-7"]
[Site "Mattersburg AUT"]
[Date "2007.03.08"]
[Round "8"]
[White "Baramidze,D"]
[Black "Korneev,O"]
[Result "1/2-1/2"]
[WhiteElo "2561"]
[BlackElo "2606"]

1.e4 c5 2.Nf3 Nc6 3.d4 cxd4 4.Nxd4 Qb6 5.Nb3 Nf6 6.Nc3 e6 7.Be3 Qc7 8.a3 a6
9.f4 d6 10.Be2 Be7 11.g4 b5 12.g5 Nd7 13.Bf3 Bb7 14.Qe2 Nb6 15.a4 Nxa4 16.Nxa4 bxa4
17.Rxa4 O-O 18.O-O Rfe8 19.Qf2 Rac8 20.Rd1 d5 21.exd5 exd5 22.c3 d4 23.Nxd4 Nxd4
24.Bxb7 Nf5 25.Bxc8 Nxe3 26.Re1 Qxc8 27.Rxe3 Qg4+ 28.Qg3 Qd1+ 29.Qe1 Qxa4
30.Rxe7 Rxe7 31.Qxe7 Qa1+ 32.Kf2 Qxb2+ 33.Kg1 Qa1+ 34.Kg2 Qb2+ 35.Kg1 Qb1+
36.Kg2 Qc2+ 37.Kg1 Qc1+ 38.Kg2 Qd2+ 39.Kg1 Qd1+ 40.Kf2 Qd2+ 41.Kg1 Qc1+ 42.Kg2 Qc2+
43.Kg1 Qb1+ 44.Kg2 Qa2+ 45.Kg3 h6 46.Qd8+ Kh7 47.Qd3+ g6 48.f5 hxg5 49.fxg6+ fxg6
50.c4 Qa5 51.Qd7+ Kh6 52.Qc8 Qc3+ 53.Kg2 a5 54.c5 a4 55.c6 Qd2+  1/2-1/2

[Event "ch-SRB"]
[Site "Vrsac SRB"]
[Date "2007.03.13"]
[Round "9"]
[White "Brenjo,S"]
[Black "Perunovic,Mil"]
[Result "0-1"]
[WhiteElo "2491"]
[BlackElo "2547"]

1.e4 c5 2.Nf3 Nc6 3.d4 cxd4 4.Nxd4 Qc7 5.Nc3 e6 6.Be2 a6 7.O-O Nf6 8.Be3 Bb4
9.Na4 O-O 10.c4 Be7 11.c5 Nxe4 12.Rc1 Rd8 13.g3 Nf6 14.Bf3 g6 15.Re1 e5 16.Nb6 Rb8
17.Bg5 d5 18.Nxc6 bxc6 19.Qe2 Be6 20.Qxe5 Qxe5 21.Rxe5 Nd7 22.Bxe7 Nxe5 23.Be2 d4
24.f4 d3 25.fxe5 dxe2 26.Bd6 f6 27.Re1 Rb7 28.a4 fxe5 29.a5 Bg4 30.Nc4 h5
31.h3 Bxh3 32.Rxe2 Bg4 33.Re3 e4 34.Rxe4 Rb4 35.Kf2 Bf5 36.Rf4 Re8 37.Ne5 Rxb2+
38.Kf3 Rd2 39.g4 hxg4+ 40.Nxg4 Rd3+ 41.Kf2 Bxg4 42.Rxg4 Re6 43.Rb4 Ra3 44.Rb6 Ree3
45.Rxc6 Rec3 46.Rc8+ Kf7 47.Rf8+ Kg7 48.Re8 Rc2+ 49.Re2 Rxe2+ 50.Kxe2 Kf7
51.c6 Rc3  0-1

[Event "ch-SRB"]
[Site "Vrsac SRB"]
[Date "2007.03.16"]
[Round "12"]
[White "Vuckovic,Bo"]
[Black "Miladinovic,I"]
[Result "1-0"]
[WhiteElo "2551"]
[BlackElo "2607"]

1.e4 c5 2.Nf3 Nc6 3.d4 cxd4 4.Nxd4 Qc7 5.Nc3 e6 6.Be3 a6 7.Qd2 Nf6 8.O-O-O Bb4
9.f3 Ne5 10.Nb3 b5 11.Kb1 Rb8 12.Bd4 Be7 13.Qf2 O-O 14.g4 Nc4 15.Rg1 a5 16.h4 a4
17.Nc1 Nxb2 18.g5 Nxd1 19.gxf6 Nxc3+ 20.Ka1 g6 21.fxe7 Re8 22.Qd2 b4 23.Bf6 b3
24.cxb3 Nxa2 25.Nxa2 axb3 26.Bd3 Qa7 27.Rb1 Ba6 28.Qh6 b2+ 29.Rxb2  1-0

[Event "Agzamov Mem"]
[Site "Tashkent UZB"]
[Date "2007.03.19"]
[Round "5"]
[White "Saidov,B"]
[Black "Fominyh,A"]
[Result "0-1"]
[WhiteElo "2297"]
[BlackElo "2513"]

1.e4 c5 2.Nf3 Nc6 3.d4 cxd4 4.Nxd4 Qc7 5.Nc3 e6 6.Be3 a6 7.Qd2 b5 8.f3 Bb7
9.O-O-O Nf6 10.g4 h6 11.h4 b4 12.Na4 Ne5 13.Be2 d5 14.g5 Nfd7 15.f4 Nc4 16.Bxc4 dxc4
17.g6 Nf6 18.f5 c3 19.gxf7+ Kxf7 20.fxe6+ Kg8 21.Qe2 cxb2+ 22.Kxb2 Qa5 23.Rhf1 Nxe4
24.Nf5 Qe5+ 25.Bd4 Qxe6 26.Qg4 h5 27.Qg1 Rh7 28.Rde1 Rd8 29.Nc5 Bxc5 30.Bxc5 g6
31.Bd4 Rhd7 32.Nh6+ Kh7 33.Rf6 Qe8 34.Nf7 Qxf7 35.Rxf7+ Rxf7 36.Be3 Rc8 37.Re2 Nc3
38.Rd2 Bd5 39.Qg5 Na4+ 40.Kc1 Be4 41.Bf4 Rcf8 42.Rf2 Kg8 43.Qe5 Nc3 44.Bh6 Rd8
45.Kb2 Nd1+ 46.Kb3 Nxf2 47.Be3 Bd5+ 48.Kxb4 Ng4 49.Qg5 Rb8+ 50.Kc5 Rc8+ 51.Kd4 Nxe3
52.Kxe3 Re8+ 53.Kd4 Be4 54.c4 Rd7+ 55.Kc3 Bf5 56.Qg2 Rd3+ 57.Kb4 Rb8+ 58.Kc5 Rc8+
59.Kb6 Rd6+ 60.Ka5 Rc5+ 61.Kb4 Rdc6 62.a4 Rxc4+ 63.Ka5 R4c5+ 64.Kb4 a5+ 65.Kb3 Rc3+
66.Kb2 Rc2+ 67.Ka1  0-1

[Event "Spring Open"]
[Site "Belgrade SRB"]
[Date "2007.03.27"]
[Round "2"]
[White "Cetkovic,B"]
[Black "Kosovac,M"]
[Result "1-0"]
[WhiteElo "2256"]
[BlackElo "2050"]

1.e4 c5 2.Nf3 Nc6 3.d4 cxd4 4.Nxd4 Qc7 5.Nc3 Nf6 6.Ndb5 Qb8 7.Nd5 Nxd5 8.exd5 a6
9.Nc3 Nd8 10.Bd3 g6 11.O-O Bg7 12.Re1 e6 13.dxe6 dxe6 14.Nd5 Qd6 15.Qf3 O-O
16.Nf6+ Kh8 17.Bf4 Qb6 18.Be5 Nc6 19.Qh3 h6 20.Nd7  1-0

[Event "Spring Open"]
[Site "Belgrade SRB"]
[Date "2007.03.27"]
[Round "2"]
[White "Miladinovic,L"]
[Black "Zivkovic,Veli"]
[Result "0-1"]
[WhiteElo "1786"]
[BlackElo "1983"]

1.e4 c5 2.Nf3 Nc6 3.d4 cxd4 4.Nxd4 Qc7 5.Nc3 e6 6.Ndb5 Qb8 7.Be3 a6 8.Bb6 axb5
9.Nxb5 Bb4+ 10.c3 Ba5 11.Nc7+ Kf8 12.Bc5+ Nge7 13.Nxa8 Qxa8 14.Qd6 Qb8 15.Qd2 Qe5
16.Qe3 d6 17.Ba3 Bc7 18.f4 Qa5 19.Rd1 d5 20.exd5 exd5 21.Bd3 Qb6 22.Qf3 d4
23.c4 g6 24.O-O Kg7 25.f5 Nxf5 26.g4 Ne5 27.Qe4 Ne3 28.c5 Qc6 29.Qxc6 bxc6
30.h3 h5 31.Rd2 Nxf1  0-1

[Event "Spring Open"]
[Site "Belgrade SRB"]
[Date "2007.03.29"]
[Round "4"]
[White "Nikolic,Ma"]
[Black "Zivkovic,Veli"]
[Result "0-1"]
[WhiteElo "2043"]
[BlackElo "1983"]

1.e4 c5 2.Nf3 Nc6 3.d4 cxd4 4.Nxd4 Qc7 5.Nc3 e6 6.a3 a6 7.Be3 Nf6 8.Be2 Bd6
9.h3 Bf4 10.Qd2 Bxe3 11.Qxe3 O-O 12.O-O d6 13.Rad1 b5 14.Qg3 Bb7 15.Nb3 Rfd8
16.Nc5 Ra7 17.Nxb7 Rxb7 18.Rd2 Qe7 19.f4 Rbd7 20.Qe3 Rb8 21.Rfd1 Ne8 22.Bf3 Rdd8
23.Kh1 h6 24.g4 Qh4 25.Kh2 e5 26.f5 Nd4 27.Bg2 Nf6 28.Qg3 Qxg3+ 29.Kxg3 Rbc8
30.h4 a5 31.g5 hxg5 32.hxg5 Nh5+ 33.Kg4 Nf4 34.Bf1 b4 35.axb4 axb4 36.Na4 Nxc2
37.Rxd6 Ne3+ 38.Kf3 Nxd1 39.Rb6 Rc2 40.Bb5 Rf2+ 41.Kg3 Rg2+  0-1

[Event "Spring Open"]
[Site "Belgrade SRB"]
[Date "2007.03.31"]
[Round "6"]
[White "Kuzmanovic,R"]
[Black "Zivkovic,Veli"]
[Result "1-0"]
[WhiteElo "1996"]
[BlackElo "1983"]

1.e4 c5 2.Nf3 Nc6 3.d4 cxd4 4.Nxd4 Qc7 5.Be3 e6 6.c3 a6 7.Nd2 Nf6 8.Bd3 Be7
9.O-O d5 10.f4 dxe4 11.Nxe4 O-O 12.Qf3 g6 13.Rae1 Bd7 14.g4 Nxe4 15.Bxe4 f5
16.gxf5 exf5 17.Bd5+ Kg7 18.Bf2 Bf6 19.Ne6+ Bxe6 20.Rxe6 Nd8 21.Rb6 Rb8 22.Re1 Qd7
23.Bc5 Re8 24.Rd1 Qc7 25.Qf2 Rc8 26.Bd6 Qd7 27.Bb4 Rc6  1-0

[Event "Chess Classic Open"]
[Site "Gausdal NOR"]
[Date "2007.04.23"]
[Round "6"]
[White "Bentsen,O"]
[Black "Saevareid,O"]
[Result "1/2-1/2"]
[WhiteElo "2180"]
[BlackElo "2198"]

1.e4 c5 2.Nf3 Nc6 3.d4 cxd4 4.Nxd4 Qb6 5.Nb3 Nf6 6.Nc3 e6 7.Be3 Qc7 8.a3 Be7
9.Be2 a6 10.O-O b5 11.f4 d6 12.Bf3 Bb7 13.Qd2 O-O 14.Qf2 Rac8 15.Rad1 Qb8
16.Qg3 b4 17.axb4 Nxb4 18.e5 Nfd5 19.Nxd5 Nxd5 20.Bd4 f6 21.Rf2 dxe5 22.fxe5 f5
23.Na5 Ba8 24.b3 Nc3 25.Rd3 Ne4 26.Bxe4 Bxe4 27.Nc4 Bxd3 28.Qxd3 Rfd8 29.Qe3 Rxc4
30.bxc4 Qb1+ 31.Rf1 Qxc2 32.Rc1 Qa4 33.Bb6 Qc6 34.Kf1 Rb8 35.c5 a5 36.Rc3 a4
37.Qf3 Qb5+ 38.Qd3 Qc6 39.Qf3 Rc8 40.Qxc6 Rxc6 41.Ke2 a3 42.Rxa3 Bxc5 43.Rc3 Rxb6
44.Rxc5 Rb4 45.Kf3 Re4 46.h3 h5 47.h4 Rxh4 48.Rc6 Re4 49.Rxe6 Kf7 50.Ra6 Rxe5
51.Kf4 Re6 52.Ra5 Kg6 53.Rxf5 Rf6 54.Rxf6+ gxf6 55.Kg3 Kg5 56.Kh3 f5 57.g3 Kf6
58.Kg2  1/2-1/2

[Event "50th TCh-SRB Cup"]
[Site "Mataruska Banja SRB"]
[Date "2007.05.24"]
[Round "4"]
[White "Nevednichy,V"]
[Black "Miladinovic,I"]
[Result "0-1"]
[WhiteElo "2528"]
[BlackElo "2607"]

1.e4 c5 2.Nf3 Nc6 3.d4 cxd4 4.Nxd4 Qc7 5.Nc3 e6 6.Be3 a6 7.Qd2 Nf6 8.O-O-O Bb4
9.f3 Ne5 10.Nb3 b5 11.Qf2 O-O 12.Bb6 Qb8 13.Bc5 Bxc5 14.Qxc5 Ne8 15.f4 d6
16.Qe3 Ng4 17.Qe2 Ngf6 18.e5 dxe5 19.fxe5 b4 20.Na4 Nd7 21.Re1 Qc7 22.Qe3 Bb7
23.Bd3 Rc8 24.Qd4 g6 25.Qxb4 Bxg2 26.Rhg1 Bc6 27.Rg5 Bb5 28.Nc3 Bxd3 29.cxd3 h6
30.Rg3 Nxe5 31.Kb1 Ng7 32.Qf4 Nxd3 33.Qxh6 Nf5 34.Qh3 Nxg3 35.hxg3 Kg7 36.g4 Rh8
37.Qf1  0-1